BIBLIOTECA

SENCICO

Manual de Edificación : Mecánica de los Terrenos y Cimientos 3 (Registro nro. 1071)

Detalles MARC
000 -LEADER
fixed length control field 00815nam a2200313Ia 4500
005 - DATE AND TIME OF LATEST TRANSACTION
control field 20251020182458.0
008 - FIXED-LENGTH DATA ELEMENTS--GENERAL INFORMATION
fixed length control field 200515s9999 xx 000 0 und d
020 ## - INTERNATIONAL STANDARD BOOK NUMBER
International Standard Book Number 84-89656-46-0
082 ## - DEWEY DECIMAL CLASSIFICATION NUMBER
Classification number 624.133/G25
100 ## - MAIN ENTRY--PERSONAL NAME
Personal name García Valcarce, Antonio
100 ## - MAIN ENTRY--PERSONAL NAME
Personal name González Martínez, Purificación
100 ## - MAIN ENTRY--PERSONAL NAME
Personal name Hernández Minguillón, Rufino [et al.]
245 #0 - TITLE STATEMENT
Title Manual de Edificación : Mecánica de los Terrenos y Cimientos 3
250 ## - EDITION STATEMENT
Edition statement 1a ed.
260 ## - PUBLICATION, DISTRIBUTION, ETC.
Place of publication, distribution, etc. Madrid
260 ## - PUBLICATION, DISTRIBUTION, ETC.
Name of publisher, distributor, etc. CIE INVERSIONES EDITORIALES DOSSAT 2000
260 ## - PUBLICATION, DISTRIBUTION, ETC.
Date of publication, distribution, etc. 2003
300 ## - PHYSICAL DESCRIPTION
Extent 710 p.
300 ## - PHYSICAL DESCRIPTION
Other physical details il., tbl., graf.
500 ## - GENERAL NOTE
General note 1 ejemplar
650 ## - SUBJECT ADDED ENTRY--TOPICAL TERM
Topical term or geographic name entry element CIMENTACIONES
650 ## - SUBJECT ADDED ENTRY--TOPICAL TERM
Topical term or geographic name entry element LOSAS
650 ## - SUBJECT ADDED ENTRY--TOPICAL TERM
Topical term or geographic name entry element PILOTES
650 ## - SUBJECT ADDED ENTRY--TOPICAL TERM
Topical term or geographic name entry element POZOS
650 ## - SUBJECT ADDED ENTRY--TOPICAL TERM
Topical term or geographic name entry element ROCAS
650 ## - SUBJECT ADDED ENTRY--TOPICAL TERM
Topical term or geographic name entry element ZAPATAS
942 ## - ADDED ENTRY ELEMENTS (KOHA)
Koha item type Libros
Existencias
Fecha de la última vez que lo usaron Pago total Signatura topográfica completa Código de barras Precio efectivo desde Tipo de documento Estado perdido Estado dañado No es para préstamo Retirado Ubicación permanente Ubicación actual Fecha de adquisición
15/05/2020   624.133/G25 Bib-Lima15051071 15/05/2020 Libros         Biblioteca Central Lima Biblioteca Central Lima 15/05/2020